[Event "Let's Play!"]
[Site "http://www.queenalice.com/game.php?id=1330280"]
[Date "2014.12.24"]
[Round "-"]
[White "spawnwolfwolverine"]
[Black "digger"]
[Result "0-1"]
[WhiteElo "1475"]
[BlackElo "1539"]

1. d4 d5 2. e3 Nf6 3. g3 Bg4 4. Be2 Bxe2 5. Nxe2 Qd7 6. O-O e6 7. b3 Ng4 8. Ba3
Nc6 9. Bxf8 Rxf8 10. Nf4 e5 11. dxe5 Ncxe5 12. Nd2 Qd6 13. c4 dxc4 14. Nxc4 Qxd1
15. Raxd1 Nd7 16. Rd4 O-O-O 17. Nd5 c6 18. Nd6+ Kb8 19. Nb4 Nge5 20. f4 Ng4 21.
Re1 Ndf6 22. Nf5 g6 23. Rxd8+ Rxd8 24. Re2 c5 25. Nc2 gxf5 26. Kg2 Ne4 27. Na3
a6 28. Nc4 b5 29. Na5 Kc7 30. Kf3 Rd1 31. h3 Rf1+ 32. Kg2 Rf2+ 33. Rxf2 Ngxf2
34. a4 b4 35. Nc4 Nd3 36. g4 fxg4 37. hxg4 Kd7 38. Kf3 Nf6 39. g5 Nh5 40. Kg4
Ng7 41. f5 Nf2+ 42. Kf4 Ke7 43. f6+ Kf8 44. fxg7+ Kxg7 0-1

[Event "Let's Play Chess!"]
[Site "http://www.queenalice.com/game.php?id=1330400"]
[Date "2014.12.24"]
[Round "-"]
[White "charles31"]
[Black "spawnwolfwolverine"]
[Result "1-0"]
[WhiteElo "1720"]
[BlackElo "1570"]

1. e4 e5 2. Nc3 d6 3. Bc4 Nc6 4. Nf3 Bg4 5. h3 Bxf3 6. Qxf3 Qf6 7. Qxf6 Nxf6 8.
d3 Be7 9. a3 O-O 10. Nd5 Rac8 11. g4 Nxd5 12. Bxd5 a6 13. f4 g6 14. c3 Kg7 15.
f5 Bh4+ 16. Ke2 gxf5 17. gxf5 Kf6 18. Be3 Rg8 19. Rhg1 Rxg1 20. Rxg1 a5 21. Rg4
Ke7 22. Rxh4 Rh8 23. b4 axb4 24. axb4 h5 25. Bg5+ f6 26. Be3 Kd7 27. Bxc6+ bxc6
28. d4 exd4 29. Bxd4 Ke7 30. Rf4 Kf7 31. Rf2 Ke7 32. Rg2 Kf7 33. Rg6 Rh7 34.
Bxf6 1-0

[Event "Let's Play Chess!"]
[Site "http://www.queenalice.com/game.php?id=1330401"]
[Date "2014.12.24"]
[Round "-"]
[White "spawnwolfwolverine"]
[Black "charles31"]
[Result "0-1"]
[WhiteElo "1606"]
[BlackElo "1684"]

1. d4 d5 2. e3 Nf6 3. g3 Nc6 4. Bb5 Bd7 5. Nf3 a6 6. Bxc6 Bxc6 7. O-O e6 8. b3
h6 9. Ba3 Bd6 10. Bxd6 Qxd6 11. Nbd2 g5 12. c4 dxc4 13. Nxc4 Qe7 14. Nce5 Bxf3
15. Qxf3 Nd5 16. Rac1 Rg8 17. g4 f6 18. Nd3 O-O-O 19. e4 Nb6 20. d5 exd5 21.
exd5 Nxd5 22. Rfe1 Qf7 23. Nc5 c6 24. a4 Kc7 25. Qg3+ Kc8 26. Red1 Nf4 27. Rxd8+
Kxd8 28. Rd1+ Kc8 29. h4 Ne2+ 30. Kg2 Nxg3 31. fxg3 gxh4 32. gxh4 Rxg4+ 33. Kh3
h5 0-1

[Event "Let's Play Chess!"]
[Site "http://www.queenalice.com/game.php?id=1332373"]
[Date "2015.1.3"]
[Round "-"]
[White "Rider"]
[Black "spawnwolfwolverine"]
[Result "1-0"]
[WhiteElo "1611"]
[BlackElo "1438"]

1. c4 e5 2. e4 d6 3. d4 exd4 4. Qxd4 Nc6 5. Qd5 Be6 6. Qd3 Qf6 7. Nc3 Be7 8. Nb5
Bd8 9. Nf3 Nge7 10. Bg5 Qg6 11. Bxe7 Nxe7 12. g3 O-O 13. O-O-O a6 14. Nc3 Nc6
15. Na4 Ne5 16. Nxe5 dxe5 17. Nc5 Bg5+ 18. Kb1 b5 19. cxb5 axb5 20. Qxb5 Bxa2+
21. Kc2 Qb6 22. Nd7 Qxb5 23. Bxb5 Rfd8 24. Ra1 g6 25. b3 Bxb3+ 26. Kxb3 Rxa1 27.
Rxa1 f6 28. h4 Bh6 29. Nxf6+ Kf7 30. Ng4 Bg7 31. Ra7 Rc8 32. f4 exf4 33. gxf4 h5
34. Ne3 Bd4 35. Bc4+ Ke7 36. Nd5+ Kd6 37. Ra6+ c6 38. Nb4 Kc5 39. Bf7 Rb8 40.
Ra4 Be3 41. Ra5+ Rb5 42. Rxb5+ 1-0

[Event "Let's Play Chess!"]
[Site "http://www.queenalice.com/game.php?id=1332374"]
[Date "2015.1.3"]
[Round "-"]
[White "spawnwolfwolverine"]
[Black "Rider"]
[Result "0-1"]
[WhiteElo "1429"]
[BlackElo "1620"]

1. d4 d5 2. e3 Nc6 3. Bb5 Bd7 4. Nf3 Na5 5. Bxd7+ Qxd7 6. O-O O-O-O 7. b3 f6 8.
Ba3 Nh6 9. c4 dxc4 10. bxc4 Nxc4 11. Bc5 b6 12. Ba3 Ng4 13. Bc1 Nge5 14. Nxe5
fxe5 15. d5 e6 16. Nc3 exd5 17. Qd3 b5 18. Rb1 e4 19. Qd4 c6 20. a4 bxa4 21.
Nxa4 h5 22. Nc5 Qd6 23. Rb7 a5 24. Ra7 Be7 25. Ra8+ Kc7 26. Na6+ Kd7 27. Qa7+
Ke6 28. Rxd8 Bxd8 29. Nc5+ Ke5 30. f4+ Kf5 31. Qf7+ Bf6 32. Nb7 Qe7 33. Qxe7
Bxe7 34. Rf2 Rb8 35. Nxa5 Nxa5 36. Bd2 Nc4 37. Bc3 Nxe3 38. Rb2 Rxb2 39. Bxb2
Bf6 40. Bxf6 Kxf6 0-1

[Event "Let's Play Chess!"]
[Site "http://www.queenalice.com/game.php?id=1332485"]
[Date "2015.1.3"]
[Round "-"]
[White "spawnwolfwolverine"]
[Black "Rider"]
[Result "1-0"]
[WhiteElo "1567"]
[BlackElo "1594"]

1. e4 e5 2. d3 d5 3. exd5 Qxd5 4. Nc3 Qd4 5. Be3 Qd6 6. Nf3 Bg4 7. Be2 Nc6 8.
O-O O-O-O 9. Nh4 Bxe2 10. Qxe2 Be7 11. Nf5 Qf6 12. Nxe7+ Ngxe7 13. Nb5 b6 14. a4
Na5 15. Nxa7+ Kb8 16. Nb5 Qc6 17. b4 Nb7 18. c4 h6 19. a5 Kc8 20. Na7+ Kd7 21.
Nxc6 Kxc6 22. Qf3+ Kd6 23. Qxb7 Rb8 24. c5+ Kd7 25. Qe4 f6 26. cxb6 cxb6 27.
Bxb6 Ra8 28. Rfc1 Ke8 29. Qxa8+ Kf7 30. Qxh8 Ng6 31. Rc7+ Ke6 32. Qe8+ Kf5 33.
Rxg7 Nf4 34. g4# 1-0

[Event "Let's Play Chess!"]
[Site "http://www.queenalice.com/game.php?id=1332486"]
[Date "2015.1.3"]
[Round "-"]
[White "Rider"]
[Black "spawnwolfwolverine"]
[Result "1-0"]
[WhiteElo "1583"]
[BlackElo "1487"]

1. d4 d5 2. Qd3 e6 3. Nf3 Nf6 4. Bg5 Be7 5. Nc3 O-O 6. Bxf6 Bxf6 7. O-O-O b6 8.
h4 Ba6 9. Qe3 Nd7 10. Kb1 c5 11. dxc5 Nxc5 12. h5 Bxc3 13. Qxc3 Rc8 14. Qd4 Ne4
15. Ne5 Qc7 16. c3 Qc5 17. Qxc5 bxc5 18. Rc1 Nxf2 19. Rh4 f6 20. Nd7 Rfe8 21.
Rf4 Ne4 22. b3 Nd2+ 23. Kb2 Nxf1 24. Rfxf1 Bxe2 25. Rh1 d4 26. Rce1 dxc3+ 27.
Kxc3 Bb5 28. Rd1 a5 29. a4 Bxd7 30. Rxd7 h6 31. Kc4 Red8 32. Rxd8+ Rxd8 33. Kxc5
e5 34. g4 Rb8 35. Rb1 Rb4 36. Rb2 Rxg4 37. Kb5 Rh4 38. Kxa5 Rxh5 39. Kb6 e4 40.
a5 Rxa5 41. Kxa5 1-0

[Event "Let's Play Chess!"]
[Site "http://www.queenalice.com/game.php?id=1333246"]
[Date "2015.1.6"]
[Round "-"]
[White "spawnwolfwolverine"]
[Black "paolop69"]
[Result "1/2-1/2"]
[WhiteElo "1565"]
[BlackElo "1638"]

1. d4 e6 2. e3 Nf6 3. Bd3 Bb4+ 4. Bd2 Nc6 5. Bxb4 Nxb4 6. Nc3 Nfd5 7. Nxd5 Nxd5
8. Nf3 f6 9. O-O a6 10. c4 Nb4 11. b3 Nxd3 12. Qxd3 d6 13. Rad1 O-O 14. e4 Bd7
15. a3 e5 16. dxe5 Bg4 17. exd6 Qxd6 18. Qxd6 cxd6 19. Rxd6 Rad8 20. Rxd8 Rxd8
21. Nh4 Rd3 22. f3 Be6 23. Nf5 Rxb3 24. a4 Bxc4 25. Rc1 Be6 26. Ne7+ Kf7 27. Rc7
Kf8 28. Nf5 Bxf5 29. exf5 Ra3 30. a5 Rxa5 31. Rxb7 Rxf5 32. Ra7 Ra5 33. h3 h5
34. Kh2 g5 35. g4 hxg4 36. hxg4 1/2-1/2

[Event "Let's Play Chess!"]
[Site "http://www.queenalice.com/game.php?id=1333271"]
[Date "2015.1.6"]
[Round "-"]
[White "charles31"]
[Black "spawnwolfwolverine"]
[Result "1-0"]
[WhiteElo "1607"]
[BlackElo "1612"]

1. e4 e5 2. Nf3 d6 3. h3 b6 4. Nc3 Ba6 5. Bxa6 Nxa6 6. d4 exd4 7. Qxd4 Nf6 8.
Bg5 Be7 9. O-O-O O-O 10. e5 dxe5 11. Qxe5 Qe8 12. Nb5 Bd6 13. Qxe8 Nxe8 14. Nxd6
Nxd6 15. Rhe1 f6 16. Bh4 Rad8 17. Nd4 c5 18. Ne6 Rfe8 19. Nxd8 Rxd8 20. Re6 g5
21. Bg3 Kf7 22. Rexd6 Rxd6 23. Rxd6 Nb4 24. Rd7+ Kg6 25. a3 Nc6 26. c3 h5 27. f3
h4 28. Bf2 Kf5 29. g3 hxg3 30. Bxg3 Kg6 31. Kd2 Kf5 32. Ke3 Ke6 33. Rd6+ Kf5 34.
Rxc6 c4 35. Rxc4 g4 36. hxg4+ Kg6 37. Rc6 Kg5 38. Bf4+ Kh4 39. Rxf6 Kh3 40. Kf2
b5 41. Rh6# 1-0

[Event "Let's Play Chess!"]
[Site "http://www.queenalice.com/game.php?id=1333272"]
[Date "2015.1.6"]
[Round "-"]
[White "spawnwolfwolverine"]
[Black "charles31"]
[Result "0-1"]
[WhiteElo "1581"]
[BlackElo "1709"]

1. d4 d5 2. e3 Nf6 3. g3 e6 4. Bg2 Bd6 5. Nf3 Na6 6. O-O Bd7 7. b3 Qe7 8. a4 Ne4
9. Ba3 Bxa3 10. Nxa3 h6 11. c4 Nb4 12. c5 a5 13. Nb5 Bxb5 14. axb5 b6 15. c6 g5
16. Ne5 Nd6 17. f4 gxf4 18. exf4 O-O-O 19. h4 Rdg8 20. Kh2 f6 21. Nd3 Nxd3 22.
Qxd3 f5 23. b4 Nc4 24. bxa5 Nxa5 0-1

[Event "Let's Play Chess!"]
[Site "http://www.queenalice.com/game.php?id=1333273"]
[Date "2015.1.6"]
[Round "-"]
[White "charles31"]
[Black "spawnwolfwolverine"]
[Result "1-0"]
[WhiteElo "1621"]
[BlackElo "1596"]

1. d4 d5 2. Nc3 e6 3. a3 g6 4. Nf3 Bh6 5. Bxh6 Nxh6 6. e3 O-O 7. Bd3 b6 8. h3 f5
9. Ne5 Ba6 10. Bxa6 Nxa6 11. g4 f4 12. exf4 Rxf4 13. f3 c5 14. dxc5 Nxc5 15. Qd2
Qf6 16. Nd3 Nxd3+ 17. Qxd3 Rxf3 18. Qe2 Re8 19. O-O-O Qf4+ 20. Kb1 Qe3 21. Qb5
Ref8 22. Rhe1 Qc5 23. Qxc5 bxc5 24. Rxe6 Rxh3 25. g5 Nf5 26. Rxd5 Rg3 27. Rxc5
Rxg5 28. Rc7 Nd4 29. Ree7 Rh5 30. Ne4 Nb5 31. Rc6 Rb8 32. Nf6+ Kf8 33. Rxh7 Rxh7
34. Nxh7+ Kg7 35. Ng5 Nxa3+ 36. Kc1 Nb5 37. c4 Nd4 38. Rc7+ Kh6 39. Ne4 a5 40.
Ra7 Re8 41. Nc3 1-0

[Event "Let's Play Chess!"]
[Site "http://www.queenalice.com/game.php?id=1333274"]
[Date "2015.1.6"]
[Round "-"]
[White "spawnwolfwolverine"]
[Black "charles31"]
[Result "1-0"]
[WhiteElo "1543"]
[BlackElo "1755"]

1. d4 d5 2. e3 Nf6 3. g3 Nc6 4. Bb5 Bd7 5. Nf3 e6 6. O-O h6 7. b3 a6 8. Bxc6
Bxc6 9. Ba3 Bxa3 10. Nxa3 g5 11. c4 dxc4 12. Nxc4 g4 13. Nfe5 Qd5 14. Nxc6 Qxc6
15. Rc1 Qd5 16. Ne5 c6 17. Rc5 Qd6 18. Nxg4 Nxg4 19. Qxg4 b6 20. Re5 Kd7 21. f4
Rhg8 22. Qh5 Rg6 23. f5 exf5 24. Qxf5+ Kd8 25. Qxf7 Kc8 26. Re8+ Qd8 27. Rxd8+
Kxd8 28. Qxg6 1-0

[Event "Let's Play Chess!"]
[Site "http://www.queenalice.com/game.php?id=1333275"]
[Date "2015.1.6"]
[Round "-"]
[White "charles31"]
[Black "spawnwolfwolverine"]
[Result "0-1"]
[WhiteElo "1717"]
[BlackElo "1662"]

1. Nc3 e5 2. e4 d6 3. d4 exd4 4. Qxd4 Nc6 5. Bb5 Bd7 6. Bxc6 Bxc6 7. Nh3 Nf6 8.
Bg5 Be7 9. O-O-O O-O 10. e5 dxe5 11. Qxe5 Bd6 12. Qd4 Re8 13. Rhe1 Rxe1 14. Rxe1
Bxh2 15. Qxd8+ Rxd8 16. g3 h6 17. Bxf6 gxf6 18. Rh1 Bxh1 19. Ne4 Bxe4 20. Nf4
Bg1 0-1

[Event "Let's Play Chess!"]
[Site "http://www.queenalice.com/game.php?id=1333276"]
[Date "2015.1.6"]
[Round "-"]
[White "spawnwolfwolverine"]
[Black "charles31"]
[Result "0-1"]
[WhiteElo "1560"]
[BlackElo "1780"]

1. e4 e5 2. d3 Nc6 3. Nf3 Nf6 4. Be2 Bc5 5. Be3 Bxe3 6. fxe3 d5 7. O-O d4 8.
exd4 Nxd4 9. Nxd4 exd4 10. c3 dxc3 11. Nxc3 Be6 12. h3 Qd6 13. d4 Qb6 14. b3
O-O-O 15. Kh1 Rxd4 16. Qc2 Nxe4 17. Nxe4 h6 18. Bf3 f5 19. Nc5 g6 20. Bxb7+ Kb8
21. Bf3 Rhd8 22. Nxe6 Qxe6 23. Rfd1 Qe5 24. Rxd4 Rxd4 0-1

[Event "Let's Play Chess!"]
[Site "http://www.queenalice.com/game.php?id=1333279"]
[Date "2015.1.6"]
[Round "-"]
[White "charles31"]
[Black "spawnwolfwolverine"]
[Result "1-0"]
[WhiteElo "1751"]
[BlackElo "1566"]

1. e4 e5 2. Nf3 d6 3. h3 b6 4. Nc3 Ba6 5. Bxa6 Nxa6 6. a3 g6 7. d4 Bg7 8. dxe5
Bxe5 9. Nd5 Ne7 10. Bg5 c6 11. Nxe7 Qxe7 12. Bxe7 Kxe7 13. Nxe5 dxe5 14. Qd3 Nc5
15. Qe3 Rad8 16. Rd1 Rxd1+ 17. Kxd1 f5 18. exf5 gxf5 19. Qxe5+ Kf7 20. Qc7+ Kf6
21. Qxc6+ Kg5 22. h4+ Kh5 23. f3 Rg8 24. Qd5 Rxg2 25. Qxf5+ Kh6 26. Re1 Rh2 27.
Qg5# 1-0

[Event "Let's Play Chess!"]
[Site "http://www.queenalice.com/game.php?id=1333280"]
[Date "2015.1.6"]
[Round "-"]
[White "spawnwolfwolverine"]
[Black "charles31"]
[Result "0-1"]
[WhiteElo "1553"]
[BlackElo "1787"]

1. d4 d5 2. e3 Nf6 3. g3 Nc6 4. Bb5 a6 5. Bxc6+ bxc6 6. Nf3 Bg4 7. O-O Qd7 8.
Nbd2 Ne4 9. c3 Nxd2 10. Bxd2 Qd6 11. a3 e6 12. b4 a5 13. Kg2 Be7 14. Qc2 Bf6 15.
h3 Bxf3+ 16. Kxf3 O-O 17. h4 e5 18. dxe5 Qxe5 19. Rh1 axb4 20. axb4 Rxa1 21.
Rxa1 Re8 22. Ra2 Qh5+ 23. Kg2 Be5 24. Be1 f5 0-1

[Event "Let's Play Chess!"]
[Site "http://www.queenalice.com/game.php?id=1336035"]
[Date "2015.1.22"]
[Round "-"]
[White "charles31"]
[Black "spawnwolfwolverine"]
[Result "1-0"]
[WhiteElo "1655"]
[BlackElo "1635"]

1. Nc3 e5 2. e4 d6 3. d4 exd4 4. Qxd4 Nc6 5. Bb5 Bd7 6. Bxc6 Bxc6 7. Nf3 Nf6 8.
Bg5 Be7 9. h3 O-O 10. O-O-O h6 11. Bxf6 Bxf6 12. Qd3 Bxc3 13. Qxc3 Bxe4 14. Rhe1
Bxf3 15. Qxf3 Qg5+ 16. Kb1 Rae8 17. g3 1-0

[Event "Let's Play Chess!"]
[Site "http://www.queenalice.com/game.php?id=1336038"]
[Date "2015.1.22"]
[Round "-"]
[White "spawnwolfwolverine"]
[Black "charles31"]
[Result "0-1"]
[WhiteElo "1651"]
[BlackElo "1639"]

1. d4 d5 2. e3 Nf6 3. g3 a6 4. Bh3 Bxh3 5. Nxh3 Nc6 6. O-O Qd6 7. b3 O-O-O 8.
Ba3 Qd7 9. Nf4 e5 10. Bxf8 Rhxf8 11. Nd2 exd4 12. exd4 Nxd4 13. c4 dxc4 14. Nxc4
Qc6 15. Qc1 g5 0-1

[Event "Let's Play!"]
[Site "http://www.queenalice.com/game.php?id=1338245"]
[Date "2015.1.30"]
[Round "-"]
[White "spawnwolfwolverine"]
[Black "digger"]
[Result "0-1"]
[WhiteElo "1406"]
[BlackElo "1586"]

1. d4 d5 2. e3 c5 3. dxc5 e5 4. Bb5+ Nc6 5. Bxc6+ bxc6 6. Nf3 f6 7. O-O e4 8.
Nfd2 Bxc5 9. Nc3 Nh6 10. a3 Qa5 11. b4 Bxb4 12. Bb2 Bg4 13. f3 Bxc3 14. Bxc3
Qxc3 15. fxg4 Qxe3+ 16. Kh1 O-O 17. c4 d4 18. Re1 Qc3 19. Nxe4 Qxc4 20. Nd6 Qd5
21. Nb7 Rab8 22. Rb1 f5 23. g5 Nf7 24. h4 g6 25. Qd2 Nd6 26. Nxd6 Rxb1 0-1

[Event "Let's Play!"]
[Site "http://www.queenalice.com/game.php?id=1338246"]
[Date "2015.1.30"]
[Round "-"]
[White "digger"]
[Black "spawnwolfwolverine"]
[Result "1-0"]
[WhiteElo "1576"]
[BlackElo "1416"]

1. c4 e5 2. e4 d6 3. Qa4+ Bd7 4. Qb3 b6 5. Nf3 Nc6 6. d3 Be7 7. h4 Nf6 8. Bg5
O-O 9. h5 h6 10. Bxf6 Bxf6 11. Nc3 Nd4 12. Nxd4 exd4 13. Nd5 c5 14. f3 Bc6 15.
Nf4 Be5 16. Ne2 Qg5 17. g4 Qe3 18. Qc2 Bg3+ 19. Kd1 Qxf3 20. Rg1 Bh2 21. Bg2 Qf2
22. Kd2 Bxg1 23. Rxg1 Qe3+ 24. Kd1 a6 25. Qd2 Qxd2+ 26. Kxd2 b5 27. Ng3 bxc4 28.
dxc4 1-0

[Event "Let's Play Chess!"]
[Site "http://www.queenalice.com/game.php?id=1338933"]
[Date "2015.2.3"]
[Round "-"]
[White "masam2014"]
[Black "spawnwolfwolverine"]
[Result "1-0"]
[WhiteElo "1684"]
[BlackElo "1549"]

1. d4 d5 2. c4 dxc4 3. e4 e6 4. a3 Bd6 5. Bxc4 Nf6 6. Nc3 O-O 7. e5 Bxe5 8. dxe5
Qxd1+ 9. Nxd1 Nd5 10. Bxd5 exd5 11. Nf3 c6 12. h3 Na6 13. O-O b5 14. Nc3 Be6 15.
b4 f6 16. Re1 fxe5 17. Rxe5 Rae8 18. Ng5 Rf5 19. Rxe6 Rxe6 20. Nf3 c5 21. bxc5
Nxc5 22. Nxb5 Nb3 23. Rb1 Nxc1 24. Rxc1 a6 25. Nbd4 Rxf3 26. Nxf3 Rd6 27. Nd4
Rb6 28. Rc6 Rxc6 29. Nxc6 g5 30. Ne7+ 1-0

[Event "Let's Play Chess!"]
[Site "http://www.queenalice.com/game.php?id=1338934"]
[Date "2015.2.3"]
[Round "-"]
[White "spawnwolfwolverine"]
[Black "masam2014"]
[Result "1-0"]
[WhiteElo "1600"]
[BlackElo "1497"]

1. d4 d5 2. e3 Nf6 3. g3 e6 4. Bg2 b6 5. Nf3 Bb7 6. O-O Be7 7. b3 O-O 8. Ba3
Bxa3 9. Nxa3 Na6 10. c4 dxc4 11. Nxc4 Re8 12. Nfe5 Bxg2 13. Kxg2 c5 14. dxc5
Qxd1 15. Rfxd1 bxc5 16. Nd7 Nd5 17. e4 Nc3 18. Rd6 Nb4 19. a3 Nxe4 20. Rdd1 Nc6
21. f3 Nc3 22. Rd3 Nd5 23. Nxc5 a5 24. Rc1 1-0

[Event "Challenge"]
[Site "http://www.queenalice.com/game.php?id=1339974"]
[Date "2015.2.7"]
[Round "-"]
[White "spawnwolfwolverine"]
[Black "tucuman"]
[Result "0-1"]
[WhiteElo "1581"]
[BlackElo "1526"]

1. d3 d5 2. e3 e5 3. g3 Nf6 4. Bh3 Nc6 5. Bxc8 Qxc8 6. Ne2 Qg4 7. O-O Qh3 8.
Nec3 Ng4 9. Qxg4 Qxg4 10. b3 Qd7 11. Ba3 Bxa3 12. Nxa3 a6 13. f4 e4 14. dxe4
dxe4 15. Nxe4 O-O 16. Rad1 Qc8 17. c4 Qf5 18. Ng5 Rae8 19. Kf2 Qc5 20. Nc2 h6
0-1

[Event "Challenge"]
[Site "http://www.queenalice.com/game.php?id=1340104"]
[Date "2015.2.8"]
[Round "-"]
[White "spawnwolfwolverine"]
[Black "cdare"]
[Result "0-1"]
[WhiteElo "1421"]
[BlackElo "1754"]

1. d4 Nf6 2. e3 a6 3. g3 e6 4. Bg2 d5 5. Nf3 Nc6 6. O-O Bd6 7. b3 O-O 8. Ba3
Bxa3 9. Nxa3 Qe7 10. Qc1 b5 11. c4 Bb7 12. cxd5 Nxd5 13. Ne5 Nxe5 14. dxe5 c5
15. Bxd5 Bxd5 16. f4 Rac8 0-1